000 004710000a22001810004500
003 LK-CoMWRAF
008 230817t ||||| |||| 00| 0 eng d
040 _aLK-CoMWRAF
_dLK-CoMWRAF
_eLK-CoMWRAF
041 _aeng
082 _a280
_bALI
100 _a<Ali, Shaheen Sardar><Naz, Rukhshanda>
245 _aWomen & law
_bcountry project Pakistan
260 _aLahore
_bShirkat Gah
300 _ap.32
490 _aworking paper No.4
650 _aWomen & law
942 _cBK
999 _c392
_d392